Elements Picture Quiz - Statistics

General Stats
  • This quiz has been taken 11 times
    8 since last reset
  • The average score is 5 of 8
Answer Stats
Picture Answer % Correct
Carbon
100%
Oxygen
100%
Fluorine
75%
Nitrogen
75%
Arsenic
50%
Gold
50%
Uranium
50%
Iodine
38%
No matching quizzes found
Score Distribution
Percent of People with Each Score
Percentile by Number Answered
Your Score History
You have not taken this quiz since the last reset